|
|
|
|
| LEADER |
00000ny a22000003n 4500 |
| 005 |
20110513115943.0 |
| 008 |
080924s2003 sp r s 000 a0spa c |
| 035 |
|
|
|a 502
|
| 040 |
|
|
|a UMA.RE
|d vLex
|
| 080 |
|
|
|a 351.713(460)(0.034)
|
| 090 |
|
|
|c 1865
|d 1865
|
| 245 |
0 |
0 |
|a Boletn̕ de informacin̤ fiscal
|h [Recurso electrn̤ico]
|c Garrigues Abogados y Asesores Tributarios
|
| 246 |
3 |
3 |
|a Boletn̕ fiscal
|
| 256 |
|
|
|a Servicio en ln̕ea
|
| 260 |
|
|
|a [Madrid] :
|b Garrigues Abogados y Asesores Tributarios
|
| 310 |
|
|
|a Irregular
|
| 506 |
1 |
|
|a Contenido solo disponible en los productos indicados
|d vLex Global
|d vLex Global (Academic Edition, excluding Law Schools)
|d vLex Global (U.S. Academic Edition, Law Schools)
|d vLex Global (U.S. Academic Edition, excluding Law Schools)
|d vLex Global (Academic Edition, Law Schools)
|
| 650 |
0 |
7 |
|2 Tesauro vLex
|a Tributario
|
| 650 |
0 |
7 |
|2 Tesauro vLex
|a Derecho tributario
|
| 650 |
0 |
7 |
|2 Tesauro vLex
|a Derecho fiscal
|
| 710 |
2 |
|
|a Garrigues Abogados y Asesores Tributarios
|
| 740 |
0 |
|
|a vLex Revista (Servicios en ln̕ea)
|
| 843 |
|
|
|a Electrn̤ica. Abierta
|
| 853 |
|
|
|8 1
|i (year)
|j (month)
|k (day)
|
| 856 |
4 |
0 |
|z Acceso restringido
|u http://vlex.com/account/login_ip?fuente_id=502
|
| 942 |
|
|
|c REV
|